[Event "Troya op 23rd"]
[Site "Canakkale"]
[Date "2015.08.15"]
[Round "9"]
[White "Ozenir, Ekin Baris"]
[Black "Agasieva, Fidan"]
[Result "1-0"]
[WhiteElo "1832"]
[BlackElo "2027"]
[PlyCount "101"]
[EventDate "2015.08.08"]
[EventType "swiss"]
[EventRounds "9"]
[EventCountry "TUR"]
[SourceTitle "CBM 167 Extra"]
[Source "ChessBase"]
[SourceDate "2015.09.14"]
[SourceVersion "1"]
[SourceVersionDate "2015.09.14"]
[SourceQuality "1"]

1. d4 e6 2. Nc3 d5 3. e4 dxe4 4. Nxe4 Bd7 5. Nf3 Bc6 6. Bd3 Nd7 7. 0-0 Be7 8. c4 Ngf6 9. Ng3 Nf8 10. Be3 Ng6 11. Ne5 Nxe5 12. dxe5 Nd7 13. Bd4 Bc5 14. Bc3 Qe7 15. Qg4 0-0-0 16. Be4 h5 17. Qf3 Bxe4 18. Nxe4 Nb6 19. b3 Bd4 20. Bxd4 Rxd4 21. Qe3 Rhd8 22. a4 Kb8 23. a5 Nd7 24. f4 f6 25. a6 b6 26. exf6 gxf6 27. Qf3 Nc5 28. Nf2 e5 29. Rfe1 e4 30. Nxe4 Rd3 31. Nxc5 Qxc5+ 32. Qf2 Qxf2+ 33. Kxf2 Rxb3 34. Re6 Rc3 35. Rae1 Kc8 36. Rxf6 Rxc4 37. f5 Rg8 38. g3 h4 39. Rg6 Rf8 40. g4 Ra4 41. Kg2 Rxa6 42. Rf1 Ra2+ 43. Kh3 Rc2 44. g5 a5 45. f6 Rc6 46. Kxh4 a4 47. Kh5 Kd8 48. Kh6 a3 49. Kg7 Re8 50. f7 Rxg6+ 51. Kxg6 1-0

[Event "Troya op 23rd"]
[Site "Canakkale"]
[Date "2015.08.10"]
[Round "4"]
[White "Agasieva, Fidan"]
[Black "Karaokcu, Erkin"]
[Result "0-1"]
[WhiteElo "2027"]
[BlackElo "2097"]
[PlyCount "64"]
[EventDate "2015.08.08"]
[EventType "swiss"]
[EventRounds "9"]
[EventCountry "TUR"]
[SourceTitle "CBM 167 Extra"]
[Source "ChessBase"]
[SourceDate "2015.09.14"]
[SourceVersion "1"]
[SourceVersionDate "2015.09.14"]
[SourceQuality "1"]

1. e4 g6 2. d4 Bg7 3. Nc3 d6 4. f4 a6 5. Nf3 b5 6. a3 Nd7 7. Be2 Bb7 8. 0-0 Ngf6 9. e5 Nd5 10. Ne4 c5 11. exd6 cxd4 12. dxe7 Qxe7 13. Re1 0-0 14. Bd3 Ne3 15. Bxe3 dxe3 16. Nc3 Rfe8 17. Qe2 Qc5 18. Nd1 Re7 19. Kh1 Rae8 20. Rc1 Nb6 21. c4 bxc4 22. Bxc4 Bd5 23. b3 Qxa3 24. Rc2 Nxc4 25. bxc4 Be4 26. Ra2 Qd6 27. Nxe3 Bxf3 28. Qxf3 Bc3 29. Ree2 Qd3 30. Nf1 Qxf3 31. gxf3 Rxe2 32. Rxa6 Re1 0-1

[Event "Agana op"]
[Site "Agana"]
[Date "2007.11.06"]
[Round "6"]
[White "Duman, Aydin"]
[Black "Agasieva, Fidan"]
[Result "1/2-1/2"]
[WhiteElo "2236"]
[BlackElo "2069"]
[PlyCount "106"]
[EventDate "2007.11.02"]
[EventType "swiss"]
[EventRounds "9"]
[EventCountry "TUR"]
[SourceTitle "CBM 121 Extra"]
[Source "ChessBase"]
[SourceDate "2008.01.10"]
[SourceVersion "1"]
[SourceVersionDate "2008.01.10"]
[SourceQuality "1"]

1. e4 e6 2. d4 d5 3. Nc3 Nf6 4. Bg5 dxe4 5. Nxe4 Be7 6. Bxf6 gxf6 7. Nf3 b6 8. Bb5+ c6 9. Bd3 Bb7 10. Qd2 Qc7 11. Qh6 Nd7 12. Qg7 Rf8 13. Qxh7 0-0-0 14. Ned2 f5 15. Qh6 f4 16. g3 e5 17. Bf5 fxg3 18. fxg3 exd4 19. 0-0-0 c5 20. Rhe1 Rh8 21. Qg7 Bd6 22. Qxf7 Rhf8 23. Qe6 Kb8 24. g4 Rf6 25. Qe2 Bd5 26. Be4 Bxa2 27. b3 c4 28. Nxc4 Bf4+ 29. Kb2 b5 30. Rxd4 bxc4 31. Qxc4 Qxc4 32. Rxc4 Ra6 33. Rd1 Bh6 34. Bc6 Bg7+ 35. c3 Bxb3 36. Kxb3 Nc5+ 37. Rxc5 Rxd1 38. Be4 Rb6+ 39. Kc2 Rd7 40. h4 Rc7 41. Rxc7 Kxc7 42. g5 a5 43. h5 a4 44. h6 Bxh6 45. gxh6 Rxh6 46. Nd2 Rh2 47. Bd5 Kd6 48. Bf7 Kc5 49. Kc1 a3 50. Ne4+ Kb5 51. Kb1 Rb2+ 52. Ka1 Re2 53. Bd5 Rxe4 1/2-1/2

[Event "Olympiad Women-37"]
[Site "Turin"]
[Date "2006.06.02"]
[Round "11"]
[White "Maksimovic, Suzana"]
[Black "Agasieva, Fidan"]
[Result "1-0"]
[WhiteElo "2295"]
[BlackElo "2088"]
[PlyCount "73"]
[EventDate "2006.05.21"]
[EventType "team-swiss"]
[EventRounds "13"]
[EventCountry "ITA"]
[SourceTitle "CBM 112 Extra"]
[Source "ChessBase"]
[SourceDate "2006.07.14"]
[SourceVersion "1"]
[SourceVersionDate "2006.07.14"]
[SourceQuality "1"]
[WhiteTeam "Yugoslavia (W)"]
[BlackTeam "Azerbaijan (W)"]
[WhiteTeamCountry "YUG"]
[BlackTeamCountry "AZE"]

1. d4 d5 2. c4 c6 3. e3 Nf6 4. Nf3 g6 5. Nc3 Bg7 6. Bd3 0-0 7. 0-0 Bg4 8. h3 Bxf3 9. Qxf3 dxc4 10. Bxc4 Nbd7 11. Rd1 e5 12. d5 cxd5 13. Nxd5 e4 14. Nxf6+ Nxf6 15. Rxd8 exf3 16. Rxa8 Rxa8 17. gxf3 Rd8 18. Bb3 Nd7 19. e4 Ne5 20. Be3 Nxf3+ 21. Kg2 Nd4 22. Rd1 Nc6 23. Rxd8+ Nxd8 24. Bxa7 Bxb2 25. Bd5 Ba3 26. Kf3 Kf8 27. Ke3 Ke7 28. Kd4 Ne6+ 29. Kc4 Nf4 30. Bxb7 Nxh3 31. Kb3 Bd6 32. a4 Nf4 33. Be3 Kd7 34. a5 h5 35. a6 Kc7 36. e5 Bxe5 37. Be4 1-0

[Event "Olympiad Women-37"]
[Site "Turin"]
[Date "2006.05.31"]
[Round "10"]
[White "Bellin, Jana"]
[Black "Agasieva, Fidan"]
[Result "0-1"]
[WhiteElo "2170"]
[BlackElo "2088"]
[PlyCount "60"]
[EventDate "2006.05.21"]
[EventType "team-swiss"]
[EventRounds "13"]
[EventCountry "ITA"]
[SourceTitle "CBM 112 Extra"]
[Source "ChessBase"]
[SourceDate "2006.07.14"]
[SourceVersion "1"]
[SourceVersionDate "2006.07.14"]
[SourceQuality "1"]
[WhiteTeam "England (W)"]
[BlackTeam "Azerbaijan (W)"]
[WhiteTeamCountry "ENG"]
[BlackTeamCountry "AZE"]

1. d4 e6 2. Nf3 f5 3. g3 Nf6 4. Bg2 d6 5. c4 Be7 6. Nc3 0-0 7. 0-0 Qe8 8. b3 Qh5 9. Ba3 Re8 10. e3 Nbd7 11. Ne1 Qg6 12. Nd3 e5 13. dxe5 dxe5 14. Bxe7 Rxe7 15. Nb5 Ne8 16. Nc3 c6 17. e4 Ndf6 18. f4 exf4 19. Nxf4 Qh6 20. Re1 g5 21. Nd3 f4 22. gxf4 gxf4 23. Qd2 Nh5 24. Rf1 Rg7 25. Rf2 Bh3 26. Ne1 Nef6 27. Kf1 Ng4 28. Bxh3 Nxf2 29. Kxf2 Ng3 30. Bg2 Qxh2 0-1

[Event "Olympiad Women-37"]
[Site "Turin"]
[Date "2006.05.25"]
[Round "5"]
[White "Agasieva, Fidan"]
[Black "De Blecourt, Sandra"]
[Result "1-0"]
[WhiteElo "2088"]
[BlackElo "2077"]
[PlyCount "91"]
[EventDate "2006.05.21"]
[EventType "team-swiss"]
[EventRounds "13"]
[EventCountry "ITA"]
[SourceTitle "CBM 112 Extra"]
[Source "ChessBase"]
[SourceDate "2006.07.14"]
[SourceVersion "1"]
[SourceVersionDate "2006.07.14"]
[SourceQuality "1"]
[WhiteTeam "Azerbaijan (W)"]
[BlackTeam "Denmark (W)"]
[WhiteTeamCountry "AZE"]
[BlackTeamCountry "DEN"]

1. d4 d5 2. c4 c6 3. Nc3 Nf6 4. Nf3 dxc4 5. a4 Bf5 6. e3 e6 7. Bxc4 Bb4 8. 0-0 0-0 9. Qb3 Qe7 10. Bd2 Bd6 11. Rae1 Ne4 12. Nxe4 Bxe4 13. Ne5 Bxe5 14. dxe5 Nd7 15. f3 Bd5 16. Bxd5 cxd5 17. Bb4 Nc5 18. Qa3 b6 19. Rc1 Rfc8 20. a5 Rab8 21. Rc2 Qd7 22. Rfc1 Na6 23. axb6 Rxc2 24. Rxc2 Rxb6 25. Qa4 Qd8 26. Ba5 h6 27. Bxb6 Qxb6 28. Qd4 Qa5 29. h3 Nb4 30. Rc3 a6 31. Kh2 Kh7 32. f4 Qb5 33. Rc5 Qb6 34. Rc4 Qxd4 35. Rxd4 a5 36. g4 g5 37. Kg3 Kg7 38. Rd1 f6 39. exf6+ Kxf6 40. Kf3 Nc2 41. b3 Nb4 42. Ra1 Nc6 43. Rc1 Nb4 44. Rc5 d4 45. fxg5+ hxg5 46. exd4 1-0

[Event "EU-ch U18 Girls"]
[Site "Urgup"]
[Date "2004.07.??"]
[Round "1"]
[White "Mamedjarova, Turkan"]
[Black "Agasieva, Fidan"]
[Result "1/2-1/2"]
[WhiteElo "2177"]
[BlackElo "2130"]
[PlyCount "71"]
[EventDate "2004.08.??"]
[EventType "swiss"]
[EventRounds "9"]
[EventCountry "TUR"]
[SourceTitle "EXT 2005"]
[Source "ChessBase"]
[SourceDate "2004.11.15"]
[SourceVersion "1"]
[SourceVersionDate "2004.11.15"]
[SourceQuality "1"]

1. Nf3 Nf6 2. d4 g6 3. Bf4 Bg7 4. e3 0-0 5. Bc4 d6 6. h3 c6 7. 0-0 Nbd7 8. a4 Nh5 9. Bh2 e5 10. dxe5 dxe5 11. c3 Qe7 12. Nbd2 e4 13. Nd4 Ne5 14. Be2 Nf6 15. Nc4 Nfd7 16. Qc2 Nxc4 17. Bxc4 Be5 18. Kh1 Bxh2 19. Kxh2 Qe5+ 20. Kh1 Nf6 21. Ne2 Qh5 22. f3 Bxh3 23. Nf4 Qc5 24. Bxf7+ Rxf7 25. Nxh3 Nh5 26. Qf2 exf3 27. gxf3 Rd8 28. f4 Qd5+ 29. Kh2 Nf6 30. Qf3 Qd2+ 31. Rf2 Qxe3 32. Qxe3 Ng4+ 33. Kg3 Nxe3 34. Re1 Nf5+ 35. Kg2 h6 36. Rfe2 1/2-1/2

[Event "AZE-ch U18 Girls"]
[Site "Baku"]
[Date "2004.02.02"]
[Round "?"]
[White "Rzaeva, Liaman"]
[Black "Agasieva, Fidan"]
[Result "0-1"]
[WhiteElo "1953"]
[BlackElo "2130"]
[PlyCount "54"]
[EventDate "2004.01.??"]
[EventType "tourn"]
[EventRounds "9"]
[EventCountry "AZE"]
[SourceTitle "EXT 2005"]
[Source "ChessBase"]
[SourceDate "2004.11.15"]
[SourceVersion "1"]
[SourceVersionDate "2004.11.15"]
[SourceQuality "1"]

1. d4 e6 2. c4 f5 3. g3 Nf6 4. Bg2 Be7 5. Nh3 0-0 6. 0-0 d6 7. Nc3 d5 8. cxd5 exd5 9. Bf4 c6 10. Qc2 Qe8 11. Ng5 Ne4 12. Nf3 Qh5 13. Bxb8 Rxb8 14. Ne5 Be6 15. f3 Ng5 16. e4 fxe4 17. fxe4 Nh3+ 18. Kh1 dxe4 19. Nxe4 Rbd8 20. Rxf8+ Rxf8 21. b3 Bd5 22. Nd3 Qf5 23. Bxh3 Bxe4+ 24. Kg1 Qxh3 25. Qe2 Bxd3 26. Qxd3 Qf5 27. Qc4+ Kh8 0-1

[Event "AZE qual (Women)"]
[Site "Azerbaijan"]
[Date "2003.07.??"]
[Round "?"]
[White "Agasieva, Fidan"]
[Black "Mammadova, Nargiz"]
[Result "1/2-1/2"]
[WhiteElo "2130"]
[BlackElo "2095"]
[PlyCount "119"]
[EventDate "2003.07.??"]
[EventType "tourn"]
[EventRounds "11"]
[EventCountry "AZE"]
[SourceTitle "EXT 2007"]
[Source "ChessBase"]
[SourceDate "2006.11.23"]
[SourceVersion "1"]
[SourceVersionDate "2006.11.23"]
[SourceQuality "1"]

1. d4 Nf6 2. Bf4 g6 3. Qd2 h6 4. Nc3 d5 5. Nf3 Bg7 6. h3 c6 7. Ne5 Nbd7 8. e3 Nxe5 9. Bxe5 Bf5 10. Bd3 Bxd3 11. Qxd3 0-0 12. 0-0 Nd7 13. Bxg7 Kxg7 14. e4 dxe4 15. Nxe4 Qb6 16. d5 cxd5 17. Qxd5 Rfd8 18. b3 Nf6 19. Qe5 Qc6 20. f3 Rd5 21. Qxe7 Nxe4 22. fxe4 Qc5+ 23. Qxc5 Rxc5 24. Rf2 Re8 25. Rd1 Rc7 26. Rd4 Rce7 27. Rf4 g5 28. Rg4 Kg6 29. h4 Kh5 30. Rg3 Rxe4 31. Rxe4 Rxe4 32. hxg5 hxg5 33. Rf3 Kg6 34. Kf2 b5 35. Rc3 Re6 36. a3 f5 37. Rc5 a6 38. c4 bxc4 39. Rxc4 f4 40. b4 Kh5 41. a4 Re3 42. b5 axb5 43. axb5 Rb3 44. Rc5 Kg4 45. Rd5 Rb2+ 46. Kg1 Kh4 47. Rf5 g4 48. Rxf4 Kg3 49. Rf5 Rxg2+ 50. Kf1 Rb2 51. Re5 Rb1+ 52. Ke2 Kg2 53. Rg5 g3 54. Kd3 Kf3 55. Kc4 g2 56. Kc5 Rc1+ 57. Kd6 Rb1 58. Kc6 g1Q 59. Rxg1 Rxg1 60. b6 1/2-1/2

[Event "AZE qual (Women)"]
[Site "Azerbaijan"]
[Date "2003.07.??"]
[Round "?"]
[White "Agasieva, Fidan"]
[Black "Saidova, Tarana"]
[Result "1-0"]
[WhiteElo "2130"]
[BlackElo "2050"]
[PlyCount "83"]
[EventDate "2003.07.??"]
[EventType "tourn"]
[EventRounds "11"]
[EventCountry "AZE"]
[SourceTitle "EXT 2007"]
[Source "ChessBase"]
[SourceDate "2006.11.23"]
[SourceVersion "1"]
[SourceVersionDate "2006.11.23"]
[SourceQuality "1"]

1. d4 Nf6 2. e3 d5 3. Bd3 c5 4. c3 e6 5. f4 Nc6 6. Nf3 cxd4 7. exd4 Qb6 8. 0-0 Bd6 9. Qe2 Bd7 10. Ne5 Rf8 11. Nd2 h6 12. Ndf3 a5 13. Rb1 Na7 14. b3 Nc6 15. Bd2 Ke7 16. Kh1 Rae8 17. Rfc1 Bxe5 18. Nxe5 h5 19. Be3 Rh8 20. a3 h4 21. c4 Bc8 22. c5 Qc7 23. b4 axb4 24. axb4 Nxe5 25. fxe5 Ne4 26. Bxe4 dxe4 27. Qg4 h3 28. g3 Reg8 29. Qxe4 f5 30. exf6+ gxf6 31. d5 Qe5 32. d6+ Kf7 33. Qxe5 fxe5 34. b5 Rd8 35. Bg5 Rd7 36. Rf1+ Kg6 37. Be7 Re8 38. Rf6+ Kg7 39. Rxe6 Rdxe7 40. Rxe7+ Rxe7 41. dxe7 Bd7 42. c6 1-0

[Event "AZE qual (Women)"]
[Site "Azerbaijan"]
[Date "2003.07.??"]
[Round "?"]
[White "Umudova, Nargiz"]
[Black "Agasieva, Fidan"]
[Result "1-0"]
[WhiteElo "2075"]
[BlackElo "2130"]
[PlyCount "139"]
[EventDate "2003.07.??"]
[EventType "tourn"]
[EventRounds "11"]
[EventCountry "AZE"]
[SourceTitle "EXT 2007"]
[Source "ChessBase"]
[SourceDate "2006.11.23"]
[SourceVersion "1"]
[SourceVersionDate "2006.11.23"]
[SourceQuality "1"]

1. e4 e6 2. d4 d5 3. Nc3 Nf6 4. e5 Nfd7 5. f4 g6 6. Nf3 a6 7. Be3 c5 8. Qd2 b5 9. dxc5 Nxc5 10. Bd3 Nc6 11. Qf2 b4 12. Ne2 Nxd3+ 13. cxd3 b3 14. axb3 Nb4 15. Nc1 Qc7 16. 0-0 Nc2 17. Bb6 Qb7 18. Ra2 Nb4 19. Ra1 Nc2 20. Rb1 Bd7 21. Bc5 Bxc5 22. Qxc5 Qa7 23. Qxa7 Rxa7 24. Rf2 Rc7 25. Na2 Ke7 26. Nc3 Nb4 27. Rd2 Nc6 28. Ra1 Rb8 29. Rxa6 Rxb3 30. d4 Rcb7 31. Na4 Nb8 32. Ra8 Bxa4 33. Rxa4 h6 34. Ne1 Nd7 35. Nd3 Nb6 36. Ra2 Nc4 37. Rd1 Nxb2 38. Nxb2 Rxb2 39. Rxb2 Rxb2 40. Ra1 Rb4 41. Rd1 Kd7 42. Kf2 Kc6 43. Ke3 Kb5 44. Rc1 Rb3+ 45. Ke2 Rb2+ 46. Kf3 Rb3+ 47. Ke2 Rb2+ 48. Kf3 Rb3+ 49. Ke2 Rb2+ 50. Kf3 Rb3+ 51. Kg4 Rd3 52. Rc7 Rxd4 53. Rxf7 Rd2 54. Kf3 Rd3+ 55. Ke2 Ra3 56. Rf6 Kc4 57. Rxe6 Ra2+ 58. Kf3 Ra3+ 59. Kg4 Ra2 60. Kf3 Ra3+ 61. Kg4 Ra2 62. g3 d4 63. Rc6+ Kd5 64. Rxg6 d3 65. Rxh6 Ke4 66. Rd6 Ra5 67. Rxd3 Kxd3 68. Kf5 Kd4 69. h4 Ra8 70. h5 1-0

[Event "AZE-ch U16 Girls"]
[Site "Baku"]
[Date "2003.??.??"]
[Round "?"]
[White "Ismailova, Aytaj"]
[Black "Agasieva, Fidan"]
[Result "1/2-1/2"]
[WhiteElo "2080"]
[BlackElo "2130"]
[PlyCount "85"]
[EventDate "2003.??.??"]
[EventType "tourn"]
[EventRounds "13"]
[EventCountry "AZE"]
[SourceTitle "EXT 2007"]
[Source "ChessBase"]
[SourceDate "2006.11.23"]
[SourceVersion "1"]
[SourceVersionDate "2006.11.23"]
[SourceQuality "1"]

1. e4 e6 2. d4 d5 3. Nc3 dxe4 4. Nxe4 Nf6 5. Nxf6+ Qxf6 6. Nf3 h6 7. Bd3 Nc6 8. 0-0 Bd6 9. Re1 0-0 10. Be4 Bd7 11. c4 Rad8 12. Be3 Rfe8 13. Qc2 e5 14. d5 Nd4 15. Bxd4 exd4 16. Qd3 c5 17. dxc6 Bxc6 18. Bxc6 Rxe1+ 19. Rxe1 bxc6 20. g3 c5 21. Re2 g6 22. Ne1 Kg7 23. a3 Rb8 24. Qe4 Qf5 25. Qxf5 gxf5 26. Nd3 a5 27. Kf1 Rb3 28. Nc1 Rb7 29. Nd3 Rb3 30. Rd2 Kf6 31. f4 Ke7 32. Ke2 Kd7 33. Kd1 f6 34. Kc2 a4 35. Ne1 Bc7 36. Nd3 Bd6 37. Ne1 Bc7 38. Nd3 Bd6 39. Re2 Bf8 40. Rd2 Bd6 41. Ne1 Bc7 42. Ng2 Ba5 43. Rd3 1/2-1/2